000 00542nam a22001697a 4500
999 _c61427
_d61427
005 20240312162253.0
008 240312s1995 ru ||||| |||| 00| 0 rus d
020 _a585880263X
041 _arus
080 _a9(38) Д-32
100 _aДройзен, И. Г.
_921395
245 _aИстория эллинизма:
_bТ.3 /
_cИ. Г. Дройзен.
264 _aРостов н/Д:
_bФеникс,
_c1995.
300 _a606 с.;
_b21 см.
653 _aელინიზმის ისტორია
942 _2udc
_cᲬᲘᲒᲜᲘ